Ocotlán : carta uso potencial /
Enregistré dans:
| Collectivité auteur: | |
|---|---|
| Format: | Carte |
| Collection: | (Carta Uso Potencial)
|
| Sujets: | |
| Tags: |
Pas de tags, Soyez le premier à ajouter un tag!
|
MARC
| LEADER | 00000nem^a2200000^a^4500 | ||
|---|---|---|---|
| 001 | 000091658 | ||
| 005 | 20250521000000.0 | ||
| 007 | $$aaj#canzn | ||
| 009 | 20260310092655.413 | ||
| 037 | |a Acervo ITESO - Biblioteca | ||
| 041 | |a GRA | ||
| 093 | |a F-13-D-77 | ||
| 110 | |a México. |b Secretaría de Programación y Presupuesto. Comisión de Estudios del Territorio Nacional | ||
| 240 | 1 | 1 | |a [Ocotlán, materiales cartográficos] |
| 245 | 1 | 0 | |a Ocotlán : |b carta uso potencial / |
| 255 | |a Escala 1:50 000 ; |b Proyección Universal Transversa de Mercator | ||
| 264 | |a México : |b Comisión de Estudios del Territorio Nacional, |c 1974 | ||
| 300 | |a 1 mapa | ||
| 336 | |a imagen cartográfica estática |b cri |2 rdacontenido | ||
| 337 | |a sin mediación |b n |2 rdamedio | ||
| 338 | |a mapa |b nz |2 rdasoporte | ||
| 440 | 1 | |a (Carta Uso Potencial) | |
| 522 | |a Cartas adyacentes: F13D66, F13D67, F13D68, F13D76, F13D78, F13D86, F13D87, F13D88 | ||
| 522 | |a Unidades de capacidad de suelo predominante : II, III, VIII, VI | ||
| 522 | |a Carta formada por métodos fotogramétricos a partir de fotografías obtenidas en 1971 | ||
| 546 | |a Edición gráfica con texto en español | ||
| 649 | |a XX | ||
| 650 | |a Uso del Suelo - |z México | ||
| 650 | |a Suelos - |z México | ||
| 650 | |a Chapala (Lago) | ||
| 650 | |a Río Santiago | ||
| 650 | |a Río Zula | ||
| 650 | |a Ocotlán, Jalisco - |x Mapas | ||
| 650 | |a Poncitlán, Jalisco | ||
| 650 | |a Zapotlán el Grande, Jalisco - |x Mapas - |x Tema Principal | ||
| 650 | |a San Pedro Itzicán, Jalisco | ||
| 650 | |a Jamay, Jalisco - |x Mapas | ||
| 650 | |a Jalisco - |x Mapas | ||
| 650 | |a México - |x Mapas | ||
| 910 | |a Fondo General | ||
| 920 | |a Gráficos - Mapas | ||
| 905 | |a 503 | ||
| 901 | |a 0900073035 |b IT2 |c MAP |u 20250521 | ||
| 902 | |a https://opac.biblio.iteso.mx/vufind/Record/000091658 | ||